1142 1754 1711 1713 1961 1849 1083 1748 1796 1896 1652 1492 1436 1714 1039 1953 1282 1490 1380 1676 1679 1432 1951 1110 1533 1409 1574 1563 1889 1386 1791 1110 1044 1065 1804 1766 1265 1245 1377 1963 1361 1094 1273 1944 1934 1090 1668 1797 1802 1137 1603 1088 1101 1083 1690 1388 1417 1985 1138 1853 1257 1796 1143 1639 1454 1551 1681 1924 1974 1260 1052 1713 1131 1160 1625 1342 1956 1809 1730 1044 1223 1239 1234 1686 1170 1871 1595 1693 1281 1996 1866 1789 1475 1921 1043 1387 1560 1170 1790 BCNSPRNW ULIB Ver.6.0+V

เปลี่ยนเป็นภาษาไทย

Change to English
 แสดงรายละเอียดบรรณานุกรม
  กลับหน้าหลัก

Brief Record : Get Marc (ISO 2709) : E-mail record : QR code < ปิดหน้าต่าง
LEADER : 00000nam 2200000uu 4500
001    13399128780
003     ULIB
008    240912s2565||||th 000 0 tha d
020    ^a9786164220874
060    ^aWQ100^bก279E
100    ^aกฤษณมน ฤทธิฦาชัย, เสาวภาคย์ ชุณหสวัสดิกุล, สุปรีชญา พันธุ์เสนีย์ และพลอยวรงค์ เรืองเกตุ
245    ^aEssential of OB-GYN for general practitioners
250    ^aพิมพ์ครั้งที่ 1
260    ^aกรุงเทพมหานคร :^bโครงการตำราวิทยาลัยแพทยศาสตร์พระมงกุฎเกล้า,^c2565
300    ^a210 หน้า^bภาพประกอบ, ตาราง, ภาคผนวก
650    ^aสูติศาสตร์
945    ^p350^l0^i30257
945    ^p350^l0^i30258
999    ^aกัณชพร จุลอักษร
รายการนี้ยังไม่มีแท็ก
คุณยังไม่ได้ล็อกอิน คุณสามารถมีกิจกรรมร่วมกับเว็บไซต์ได้ แต่ต้องล็อกอินก่อน ::
  ล็อกอิน

รายการสื่อสารสนเทศ

ลำดับที่ ประเภท เลขเรียก/บาร์โค้ด สถานที่ สถานะ
1. หนังสือสำรอง
หนังสือสำรอง
WQ100 ก279E ฉ.1 
  Barcode: 30257
ห้องสมุดวิทยาเขตนครสวรรค์
►หนังสือทั่วไป:l:General Books
บนชั้น
2. วิทยาศาสตร์การแพทย์ และสุขภาพ
วิทยาศาสตร์การแพทย์ และสุขภาพ
WQ100 ก279E ฉ.2 
  Barcode: 30258
ห้องสมุดวิทยาเขตนครสวรรค์
►หนังสือทั่วไป:l:General Books
บนชั้น

รายการใกล้เคียง
    ชื่อเรื่อง [Essential of OB-GYN for general practitioners]

    ผู้แต่ง [กฤษณมน ฤทธิฦาชัย, เสาวภาคย์ ชุณหสวัสดิกุล, สุปรีชญา พันธุ์เสนีย์ และพลอยวรงค์ เรืองเกตุ]

    หัวเรื่อง [สูติศาสตร์]

BibComment


ยังไม่เคยถูกคอมเมนท์

คอมเมนท์ทรัพยากรรายการนี้
  คอมเมนท์: Essential of OBG..


 Copyright 2026. Bcnsprnw @Library